000 01112nam a2200253Ia 4500
003 OSt
005 20221005105142.0
006 a|||||r|||| 00| 0
007 ta
008 221004b |||||||| |||| 00| 0 hin d
020 _a8179751465 (hbk)
_c750
024 _a97097
037 _b429, 25/03/2009, Swaraj Prakashan
_cTextual
040 _aCRL
_cCRL
_bhin
041 _2hin
_ahin
082 _aD65,8(B):71, 152P6
100 _aचतुर्वेदी, जगदीश्वर
245 0 _aहाइपर टेक्स्ट, वर्चुअल रियलिटी और इंटरनेट
246 _aHāipar ṭeksṭa, varchual riyaliṭī aur ianṭaraneṭa
260 _aनई दिल्ली
_bअनामिका पब्लिशर्स एंड डिस्ट्रीब्यूटर्स प्रा. लिमिटेड भारत
_c2006
300 _a506पृ0
_ccm.
942 _hD65,8(B):71, 152P6
_cTEXL
_2cc
999 _c1014945
_d1014945